• 首页
  • 本馆介绍
  • 公告通知
  • 最新文献
  • 馆藏检索
  • 电子资源
  • 读者导购
  • 参考咨询
  • 我的图书馆
  • 登录
  • 详细信息显示
  • 放入我的书架
  • 预约/预借图书
  • 作者相关作品
  • 分类相关作品
  • 丛书相关作品
  • 出版社相关作品

书目信息

  • 表格格式
  • 工作单格式
  • 卡片格式
题名:
语文
    
 
作者:
分册:  
出版信息: 北京   人民教育出版社  1982
页数: 449页
开本: 19cm
丛书名:
单 册:
中图分类: H1-43 , I206
科图分类:
主题词: 语文--专业学校--教材 , 文学--中国
电子资源:
ISBN:
000 00659nam0 2200253 450
001 1539931394
005 20150125162656.93
010    @dCNY1.75
091    @a7012.0561
100    @a19980330d1982 em y0chiy0110 ea
101 0  @achi
102    @aCN@b110000
105    @ay z 000yy
200 1  @a语文@9yu wen@e现代文学
210    @a北京@c人民教育出版社@d1982
215    @a449页@d19cm
300    @a中等专业学校试用教材 招收高中毕业生的财经专业通用
517 1  @a现代文学@Axian dai wen xue
606 0  @a语文@x专业学校@x教材
606 0  @a文学@x中国
690    @aH1-43@v5
690    @aI206@v4
801  0 @aCN@bTSSF@c20150125
905    @aZUCC@dI206@eJY24
    
    语文:现代文学.-北京:人民教育出版社,1982
    449页;19cm
    中等专业学校试用教材 招收高中毕业生的财经专业通用
    
    ISBN :CNY1.75
    
●
相关链接 在E读中查询图书 在五车中查询图书 在当当中查询图书 在豆瓣中查询图书


正题名:语文     索取号:I206/JY24         预约/预借

序号 登录号 条形码 馆藏地/架位号 状态 备注
1 7855202   278552022   学院路分馆/ [索取号:I206/JY24] 在馆    
2 7855204   278552040   学院路分馆/ [索取号:I206/JY24] 在馆    
3 7855221   278552219   学院路分馆/ [索取号:I206/JY24] 在馆    
4 7855222   278552228   学院路分馆/ [索取号:I206/JY24] 在馆    
5 7855223   278552237   学院路分馆/ [索取号:I206/JY24] 在馆    
6 7855224   278552246   学院路分馆/ [索取号:I206/JY24] 在馆    
7 7855225   278552255   学院路分馆/ [索取号:I206/JY24] 在馆    
8 7855226   278552264   学院路分馆/ [索取号:I206/JY24] 在馆    
唐山师范学院图书馆 欢迎您!
大连网信软件有限公司© 版权所有